10 minute guide to the Internet and the World Wide Web / (Record no. 176232)
[ view plain ]
| 000 -LEADER | |
|---|---|
| fixed length control field | 01795 a2200241 4500 |
| 003 - CONTROL NUMBER IDENTIFIER | |
| control field | Nust |
| 005 - DATE AND TIME OF LATEST TRANSACTION | |
| control field | 20220730112158.0 |
| 010 ## - LIBRARY OF CONGRESS CONTROL NUMBER | |
| LC control number | 97068696 |
| 020 ## - INTERNATIONAL STANDARD BOOK NUMBER | |
| International Standard Book Number | 0789714051 |
| 040 ## - CATALOGING SOURCE | |
| Transcribing agency | Nust |
| 082 00 - DEWEY DECIMAL CLASSIFICATION NUMBER | |
| Classification number | 004.67,GRI |
| 100 1# - MAIN ENTRY--PERSONAL NAME | |
| Personal name | Grimes, Galen. |
| 9 (RLIN) | 46267 |
| 245 10 - TITLE STATEMENT | |
| Title | 10 minute guide to the Internet and the World Wide Web / |
| Statement of responsibility, etc. | Galen Grimes, with Rick Bolton. |
| 246 3# - VARYING FORM OF TITLE | |
| Title proper/short title | Ten minute guide to the Internet and the World Wide Web |
| 250 ## - EDITION STATEMENT | |
| Edition statement | 3rd ed. |
| 260 ## - PUBLICATION, DISTRIBUTION, ETC. | |
| Place of publication, distribution, etc. | Indianapolis, Ind. : |
| Name of publisher, distributor, etc. | Que, |
| Date of publication, distribution, etc. | c1997. |
| 300 ## - PHYSICAL DESCRIPTION | |
| Extent | xii, 185 p. : |
| Other physical details | ill. ; |
| Dimensions | 22 cm. |
| 505 ## - FORMATTED CONTENTS NOTE | |
| Formatted contents note | Finding Out About The Internet and the world Wide web (Page-1), Hardware and Software You Will Need To Access the Web (Page-9), Using Microsoft Internet Explore (Page-16), Marking Favorite Pages in Internet Explorer (Page-22), Browsing Offline and Subscribing to (Page-28), Controlling Active X Controls (Page-37), Using Netscape Navigator (Page-42), Setting Bookmarks in Netscape (Page-50), Using Netscape Plug – Ins (Page-58), Real Time Audio and Video Using Real Player (Page-66), Searching the Internet Using Search Engines (Page-72), Sending and Receiving E-Mail (Page-82), Accessing Files With FTP (Page-92), Working With Newsgroups (Page-100), Real Time Chat on the Internet (Page-114), Internet Telephones (Page-118), <br/> Pont Cast and Push Technology (Page-125), Internet Etiquette (Page-133), Selecting an Internet service Provider (Page-138), Configuration for Windows 3.1 Users (Page-143), Configuration for Windows 95 Users (Page-147), Configuration for Macintosh Users (Page-157), Accessing The Internet With An On Line Access Service (Page-169), |
| 650 #0 - SUBJECT ADDED ENTRY--TOPICAL TERM | |
| Topical term or geographic name entry element | Internet. |
| 9 (RLIN) | 17965 |
| 650 #0 - SUBJECT ADDED ENTRY--TOPICAL TERM | |
| Topical term or geographic name entry element | World Wide Web. |
| 9 (RLIN) | 18094 |
| 700 1# - ADDED ENTRY--PERSONAL NAME | |
| Personal name | Bolton, Rick. |
| 9 (RLIN) | 46268 |
| 942 ## - ADDED ENTRY ELEMENTS (KOHA) | |
| Source of classification or shelving scheme | |
| Koha item type | Book |
| Call number prefix | 004.67,GRI |
| Withdrawn status | Lost status | Source of classification or shelving scheme | Damaged status | Not for loan | Permanent Location | Current Location | Shelving location | Date acquired | Full call number | Barcode | Date last seen | Price effective from | Koha item type | Public note |
|---|---|---|---|---|---|---|---|---|---|---|---|---|---|---|
| Military College of Signals (MCS) | Military College of Signals (MCS) | General Stacks | 12/12/2016 | 004.67,GRI | MCS25039 | 12/08/2016 | 12/12/2016 | Book | Almirah No.3, Shelf No.2 |
